|
|
|
|
| LEADER |
01925nam a2200553 i 4500 |
| 001 |
nkc20243638119 |
| 003 |
CZ PrNK |
| 005 |
20241120141441.0 |
| 007 |
ta |
| 008 |
241017s2024 xr ac e 000 0 cze |
| 015 |
|
|
|a cnb003638119
|
| 020 |
|
|
|a 978-80-7448-204-5
|q (vázáno) :
|c Kč 890,00
|
| 035 |
|
|
|a (OCoLC)1477946772
|
| 040 |
|
|
|a OLA001
|b cze
|e rda
|
| 043 |
|
|
|a f------
|
| 045 |
|
|
|a y2y2
|
| 072 |
|
7 |
|a 913(6)
|x Geografie Afriky, reálie, cestování
|2 Konspekt
|9 7
|
| 080 |
|
|
|a 913:910.4
|2 MRF
|
| 080 |
|
|
|a 913(6)
|2 MRF
|
| 080 |
|
|
|a (6)
|2 MRF
|
| 080 |
|
|
|a (0:82-992)
|2 MRF
|
| 080 |
|
|
|a (084.12)
|2 MRF
|
| 100 |
1 |
|
|a Vaňourek, Tomáš,
|d 1986-
|7 ola20191030896
|4 aut
|4 pht
|
| 245 |
1 |
0 |
|a Expedice Z101:
|b cestou snů a skutečnosti : africká etapa.
|n Část 2,
|p Z Etiopie do JAR /
|c Tomáš Vaňourek
|
| 246 |
3 |
0 |
|a Cestou snů a skutečnosti
|
| 246 |
3 |
0 |
|a Z Etiopie do JAR
|
| 250 |
|
|
|a 1. vydání
|
| 264 |
|
1 |
|a V Brně :
|b Nastole,
|c 2024
|
| 300 |
|
|
|a 261 stran :
|b barevné ilustrace, portréty ;
|c 31 cm
|
| 336 |
|
|
|a text
|b txt
|2 rdacontent
|
| 336 |
|
|
|a statický obraz
|b sti
|2 rdacontent
|
| 337 |
|
|
|a bez média
|b n
|2 rdamedia
|
| 338 |
|
|
|a svazek
|b nc
|2 rdacarrier
|
| 648 |
|
7 |
|a 2021-2030
|7 ch1094457
|2 czenas
|
| 648 |
|
4 |
|a 2023-2024
|
| 650 |
0 |
7 |
|a cesty a pobyt
|7 ph137578
|z Afrika
|y 2021-2030
|2 czenas
|
| 650 |
0 |
9 |
|a travels and stays
|z Africa
|y 2021-2030
|2 eczenas
|
| 651 |
|
7 |
|a Afrika
|7 ge137148
|x reálie
|2 czenas
|
| 651 |
|
9 |
|a Africa
|x description and travel
|2 eczenas
|
| 655 |
|
7 |
|a cestopisy
|7 fd131956
|2 czenas
|
| 655 |
|
7 |
|a fotografické publikace
|7 fd132276
|2 czenas
|
| 655 |
|
9 |
|a books of travels
|2 eczenas
|
| 655 |
|
9 |
|a photographical works
|2 eczenas
|
| 910 |
2 |
|
|a BOA001
|b 4-1496.662,2
|
| 928 |
9 |
|
|a Albatros Media - Nastole
|
| 990 |
|
|
|a BK
|
| 995 |
|
|
|a 01
|
| 991 |
|
|
|b 202411
|c NOV
|
| 996 |
6 |
|
|b 2610985260
|c 4-1496.662,2
|l MZK
|r Sklad / do 1 hodiny
|n 0
|p p.v.
|w 001983765
|u 000010
|a 1
|e BOA001
|j MZK50
|s P
|